[Event "Shropshire op"]
[Site "Telford"]
[Date "2019.01.06"]
[Round "5"]
[White "Edge, John"]
[Black "Anderson, Peter W"]
[Result "1/2-1/2"]
[WhiteElo "1972"]
[BlackElo "1980"]
[PlyCount "57"]
[EventDate "2019.01.04"]
[EventType "swiss"]
[EventRounds "5"]
[EventCountry "ENG"]
[SourceTitle "CBM 188 Extra"]
[Source "ChessBase"]
[SourceDate "2019.02.26"]
[SourceVersion "1"]
[SourceVersionDate "2019.02.26"]
[SourceQuality "1"]

1. e4 g6 2. d4 Bg7 3. Nc3 d6 4. f4 a6 5. Nf3 b5 6. a4 b4 7. Nd5 Bb7 8. Nxb4 Bxe4 9. Bd3 Bb7 10. c3 a5 11. Nc2 Nf6 12. 0-0 0-0 13. f5 Nbd7 14. Qe2 Re8 15. Bg5 Nf8 16. Rae1 Qc8 17. fxg6 hxg6 18. Qd2 Bc6 19. Bb5 Bxb5 20. axb5 Qb7 21. Qd3 c6 22. bxc6 Qxc6 23. Re2 Rab8 24. Bxf6 Bxf6 25. Ne3 Rb7 26. Ng4 Bg7 27. Qd2 f6 28. h4 Qd5 29. Rfe1 1/2-1/2

[Event "Frome op"]
[Site "Frome"]
[Date "2018.05.19"]
[Round "5"]
[White "Stoyanov, Viktor"]
[Black "Anderson, Peter W"]
[Result "1-0"]
[WhiteElo "2129"]
[BlackElo "1977"]
[PlyCount "49"]
[EventDate "2018.05.18"]
[EventType "swiss"]
[EventRounds "5"]
[EventCountry "ENG"]
[SourceTitle "CBM 184 Extra"]
[Source "ChessBase"]
[SourceDate "2018.06.28"]
[SourceVersion "1"]
[SourceVersionDate "2018.06.28"]
[SourceQuality "1"]

1. d4 g6 2. Nf3 Bg7 3. e4 d6 4. Nbd2 Nd7 5. c3 e5 6. dxe5 dxe5 7. Bc4 Ngf6 8. Ng5 0-0 9. Ndf3 Qe7 10. Nxf7 Nb6 11. Bb3 Bg4 12. Nh6+ Kh8 13. Nxg4 Nxg4 14. 0-0 Bh6 15. Bxh6 Nxh6 16. Qd2 Rf4 17. g3 Rxf3 18. Qxh6 Raf8 19. Rad1 Qc5 20. Rd2 a5 21. Qg5 Kg7 22. Kg2 h6 23. Qg4 a4 24. Bd1 Nc4 25. Bxf3 1-0

[Event "Wakefield 4NCL op 14th"]
[Site "Wakefield"]
[Date "2017.07.14"]
[Round "1"]
[White "Murphy, Conor"]
[Black "Anderson, Peter W"]
[Result "1-0"]
[WhiteElo "2154"]
[BlackElo "1907"]
[PlyCount "89"]
[EventDate "2017.07.14"]
[EventType "swiss"]
[EventRounds "5"]
[EventCountry "ENG"]
[SourceTitle "CBM 179 Extra"]
[Source "ChessBase"]
[SourceDate "2017.08.23"]
[SourceVersion "1"]
[SourceVersionDate "2017.08.23"]
[SourceQuality "1"]

1. Nf3 g6 2. g3 Bg7 3. c4 e5 4. Nc3 f5 5. d3 d6 6. Bg2 Nf6 7. 0-0 0-0 8. Rb1 Nc6 9. b4 h6 10. b5 Ne7 11. a4 g5 12. Ba3 Ng6 13. a5 a6 14. Qb3 Rf7 15. Nd2 axb5 16. cxb5 Rxa5 17. Bb4 Ra8 18. Ra1 Bd7 19. Bxb7 Rb8 20. Ra7 Ne7 21. b6 c5 22. Ba5 Nc8 23. Rb1 Qe8 24. Bxc8 Qxc8 25. b7 Qc6 26. Qa2 Be8 27. Rb6 Qd7 28. Nb5 Bf8 29. Nc4 Nd5 30. Rxd6 Bxd6 31. Ncxd6 Qc6 32. e4 fxe4 33. dxe4 Nb4 34. Bxb4 cxb4 35. Ra8 Rbxb7 36. Rxe8+ Kg7 37. Nxf7 Qxe8 38. Nbd6 Qc6 39. Nxb7 Qxb7 40. Nxe5 b3 41. Qb2 Qxe4 42. Nd3+ Kg6 43. Qxb3 h5 44. Qb6+ Kg7 45. Qc7+ 1-0

[Event "FICGS W-ch KO final email"]
[Site "FICGS email"]
[Date "2014.11.01"]
[Round "7"]
[White "Anderson, Peter W"]
[Black "Ludgate, Alan"]
[Result "1/2-1/2"]
[WhiteElo "2541"]
[BlackElo "2417"]
[PlyCount "61"]
[EventDate "2014.??.??"]
[EventType "match (corr)"]
[EventRounds "3"]
[SourceTitle "Corr 2022"]
[Source "ChessBase"]
[SourceDate "2021.10.24"]
[SourceVersion "1"]
[SourceVersionDate "2021.10.24"]
[SourceQuality "1"]

1. e4 g6 2. d4 d6 3. Nc3 Bg7 4. Nf3 Nf6 5. Be2 0-0 6. 0-0 c6 7. a4 Nbd7 8. h3 Qc7 9. a5 e5 10. dxe5 dxe5 11. Be3 Rd8 12. Qc1 Nf8 13. Rd1 Rxd1+ 14. Qxd1 Ne6 15. Bc4 Bf8 16. Qd3 h6 17. Na4 c5 18. Nc3 Nd4 19. Nd2 Bd7 20. Nd5 Nxd5 21. exd5 Kg7 22. f3 Qb8 23. c3 Nf5 24. Bf2 b5 25. Ba2 c4 26. Qe2 Qc7 27. Ne4 Re8 28. Bb1 Nd6 29. Nc5 Nb7 30. Nxb7 a6 31. Qe3 1/2-1/2

[Event "FICGS W-ch final email"]
[Site "FICGS email"]
[Date "2013.07.29"]
[Round "1"]
[White "Anderson, Peter W"]
[Black "Comes, Ruben"]
[Result "1-0"]
[WhiteElo "2346"]
[BlackElo "2167"]
[PlyCount "101"]
[EventDate "2013.??.??"]
[EventType "tourn (corr)"]
[EventRounds "6"]
[EventCategory "5"]
[SourceTitle "Corr 2022"]
[Source "ChessBase"]
[SourceDate "2021.10.24"]
[SourceVersion "1"]
[SourceVersionDate "2021.10.24"]
[SourceQuality "1"]

1. d4 d5 2. c4 c6 3. Nf3 Nf6 4. Nc3 e6 5. Bg5 h6 6. Bh4 dxc4 7. e4 g5 8. Bg3 b5 9. Be2 Bb7 10. e5 Nd5 11. 0-0 Nxc3 12. bxc3 c5 13. a4 h5 14. h3 g4 15. hxg4 hxg4 16. Nh2 Qd5 17. f3 cxd4 18. Nxg4 Nd7 19. cxd4 a6 20. axb5 axb5 21. Rxa8+ Bxa8 22. Qa1 Be7 23. Rb1 Rg8 24. Ne3 Qc6 25. Bf2 Bb7 26. Qb2 Ba6 27. Qa2 Kf8 28. Qa5 Ke8 29. Bd1 Bd8 30. Qa1 Bc8 31. Qb2 Ba6 32. Qc2 Rg7 33. Qa2 Kf8 34. Bc2 Qc8 35. Qa3+ Be7 36. Qa5 Bd8 37. Qc3 Be7 38. d5 Bc5 39. Ng4 Ke8 40. dxe6 fxe6 41. Qd2 Bxf2+ 42. Nxf2 Qc5 43. Qh6 Qxe5 44. Ng4 Rxg4 45. fxg4 Kd8 46. Qh4+ Kc7 47. g5 b4 48. Re1 Qc5+ 49. Kh1 Qe7 50. Qg4 e5 51. g6 1-0

[Event "FICGS rapid silver 000107 email"]
[Site "FICGS email"]
[Date "2013.02.21"]
[Round "2"]
[White "Gazi, Miroslav"]
[Black "Anderson, Peter W"]
[Result "0-1"]
[WhiteElo "2177"]
[BlackElo "2358"]
[PlyCount "92"]
[EventDate "2013.??.??"]
[EventType "match (rapid)"]
[EventRounds "2"]
[SourceTitle "Corr 2022"]
[Source "ChessBase"]
[SourceDate "2021.10.24"]
[SourceVersion "1"]
[SourceVersionDate "2021.10.24"]
[SourceQuality "1"]

1. d4 d5 2. Nf3 e6 3. c4 c6 4. Qc2 Nf6 5. g3 dxc4 6. Qxc4 b5 7. Qd3 Bb7 8. Bg2 a6 9. 0-0 c5 10. Bf4 c4 11. Qc2 Nbd7 12. Nc3 Be7 13. a3 0-0 14. Rad1 Nd5 15. Nxd5 exd5 16. Ne5 Re8 17. Qf5 Nf6 18. Rfe1 h6 19. Bd2 a5 20. a4 Qb6 21. axb5 Qxb5 22. Bc3 a4 23. Rb1 Bc8 24. Qf4 Bd6 25. h3 Be6 26. g4 Qb7 27. Qd2 Ne4 28. Qc2 Rac8 29. Qxa4 f6 30. Nf3 h5 31. Nd2 hxg4 32. Nxe4 dxe4 33. hxg4 Bxg4 34. Ra1 Qf7 35. Kf1 Qg6 36. Qb5 Kh7 37. Ra5 Bh2 38. e3 Re5 39. Qb7 Rb8 40. Rxe5 Rxb7 41. Bxe4 f5 42. Bxb7 Bxe5 43. dxe5 f4 44. Bd4 f3 45. Rc1 Kh8 46. Ra1 Bh3+ 0-1

[Event "FICGS rapid silver 000106 email"]
[Site "FICGS email"]
[Date "2013.02.15"]
[Round "1"]
[White "Anderson, Peter W"]
[Black "Germanes, Ramil"]
[Result "1-0"]
[WhiteElo "2358"]
[BlackElo "2343"]
[PlyCount "47"]
[EventDate "2013.??.??"]
[EventType "match (rapid)"]
[EventRounds "2"]
[SourceTitle "Corr 2022"]
[Source "ChessBase"]
[SourceDate "2021.10.24"]
[SourceVersion "1"]
[SourceVersionDate "2021.10.24"]
[SourceQuality "1"]

1. d4 Nf6 2. c4 e6 3. Nc3 Bb4 4. e3 b6 5. Bd3 Bb7 6. Nf3 0-0 7. 0-0 Bxc3 8. bxc3 Qe7 9. Nd2 e5 10. e4 d6 11. Re1 Nc6 12. Nb3 a5 13. Be3 h6 14. Nd2 Nb8 15. f4 Nbd7 16. f5 a4 17. d5 Nc5 18. Bc2 a3 19. g4 Nfd7 20. g5 hxg5 21. h4 g4 22. Qxg4 Nf6 23. Qh3 Nh5 24. Kh1 1-0

[Event "FICGS rapid silver 000106 email"]
[Site "FICGS email"]
[Date "2013.02.15"]
[Round "2"]
[White "Germanes, Ramil"]
[Black "Anderson, Peter W"]
[Result "1/2-1/2"]
[WhiteElo "2343"]
[BlackElo "2358"]
[PlyCount "61"]
[EventDate "2013.??.??"]
[EventType "match (rapid)"]
[EventRounds "2"]
[SourceTitle "Corr 2022"]
[Source "ChessBase"]
[SourceDate "2021.10.24"]
[SourceVersion "1"]
[SourceVersionDate "2021.10.24"]
[SourceQuality "1"]

1. d4 d5 2. c4 e6 3. Nc3 c5 4. cxd5 cxd4 5. Qa4+ Bd7 6. Qxd4 exd5 7. Qxd5 Nc6 8. Nf3 Nf6 9. Qd1 Bc5 10. a3 0-0 11. Bg5 h6 12. Bxf6 Qxf6 13. Qxd7 Rfd8 14. Qg4 Ne5 15. Qg3 Qb6 16. Rb1 Rac8 17. e3 Bxa3 18. Bb5 Bxb2 19. 0-0 Nxf3+ 20. Qxf3 Rxc3 21. Rxb2 a6 22. Qe2 axb5 23. Qxb5 Qxb5 24. Rxb5 Rc7 25. g4 Rd2 26. Kg2 g6 27. h4 Re2 28. h5 g5 29. Rfb1 Rcc2 30. Rf5 Rc7 31. Kf3 1/2-1/2

[Event "FICGS W-ch st2 g05 email"]
[Site "FICGS email"]
[Date "2012.12.03"]
[Round "1"]
[White "Anderson, Peter W"]
[Black "Ylonen, Olli"]
[Result "1/2-1/2"]
[WhiteElo "2309"]
[BlackElo "1780"]
[PlyCount "66"]
[EventDate "2012.??.??"]
[EventType "tourn (corr)"]
[EventRounds "8"]
[SourceTitle "Corr 2022"]
[Source "ChessBase"]
[SourceDate "2021.10.24"]
[SourceVersion "1"]
[SourceVersionDate "2021.10.24"]
[SourceQuality "1"]

1. d4 Nf6 2. c4 g6 3. Nc3 d5 4. Nf3 Bg7 5. Qb3 dxc4 6. Qxc4 0-0 7. e4 a6 8. Be2 b5 9. Qb3 c5 10. dxc5 Be6 11. Qc2 Nbd7 12. Be3 Rc8 13. Rd1 b4 14. Nd5 Bxd5 15. exd5 Nxc5 16. 0-0 Nce4 17. Qd3 Qd6 18. g3 a5 19. Nd2 Nxd2 20. Rxd2 Rfd8 21. Bf3 e6 22. Bf4 e5 23. Bg5 a4 24. Qe2 h6 25. Be3 Bf8 26. Rfd1 Rc7 27. h4 Rdc8 28. h5 g5 29. Qd3 a3 30. Qf5 Ra8 31. b3 Re8 32. Be4 Nxe4 33. Qxe4 Rc3 1/2-1/2